Programovanie výživy na základe stanovenia IgG protilátok špecifických na antigény spôsobujúce potravinové intolerancie diplomová práca

Salvato in:
Dettagli Bibliografici
Autore principale: Bobeková, Miroslava
Natura: Libro
Lingua:slovacco
Pubblicazione: Bratislava STU FCHPT 2013
Accesso online:Visualizza in OPAC
Tags: Aggiungi Tag
Nessun Tag, puoi essere il primo ad aggiungerne!!

MARC

LEADER 00000nam a2200000 a 4500
005 20260127134223.0
008 130716 2013 000 0 slo d
035 |a vtls010527896 
039 9 |a 201307161206  |b mschk03  |y 201307161130  |z mschk03 
040 |a STUSCHK1  |b slo  |c STUSCHK1  |e AACR2 
100 1 |a Bobeková, Miroslava 
245 1 |a Programovanie výživy na základe stanovenia IgG protilátok špecifických na antigény spôsobujúce potravinové intolerancie  |b diplomová práca  |c Miroslava Bobeková 
260 |a Bratislava  |b STU FCHPT  |c 2013 
300 |a 96 s.  |b il.  |c 30 cm 
500 |a Obhájené: 11.06.2013 
500 |a Štud. odbor: potravinárstvo 
500 |a Škol. prac.: Oddelenie výživy a hodnotenia potravín 
500 |a Evid. číslo: FCHPT-5465-58746 
910 |a SCHK95 
999 |c 7044  |d 7044